[Event "Western Canadian op"]
[Site "Richmond CAN"]
[Date "2004.07.15"]
[Round "7.12"]
[White "Van den Bersselaar, Jeroen"]
[Black "Lau, Robert"]
[Result "1-0"]
[WhiteElo "2189"]
[BlackElo "1980"]
[PlyCount "83"]
[GameId "2160767911095639"]
[EventDate "2004.07.09"]
[EventType "swiss"]
[EventRounds "10"]
[EventCountry "CAN"]

1. d4 Nf6 2. c4 e6 3. Nc3 Bb4 4. e3 O-O 5. Nge2 d5 6. a3 Be7 7. cxd5 exd5 8. g3 c6 9. Bg2 a5 10. Qc2 Na6 11. O-O Re8 12. Bd2 Nc7 13. Na4 Nb5 14. f3 g6 15. Kh1 Kg7 16. Rad1 h5 17. Nac3 Nc7 18. e4 dxe4 19. fxe4 Bg4 20. h3 Bxe2 21. Nxe2 Nb5 22. Bf4 Kg8 23. a4 Nc7 24. Qb3 b5 25. Be5 Rf8 26. d5 cxd5 27. exd5 Nfe8 28. d6 Bxd6 29. Bxd6 Nxd6 30. Bxa8 Qxa8+ 31. Qf3 Qa6 32. Kh2 bxa4 33. Nf4 Rb8 34. Rf2 Nc4 35. Nd3 Rf8 36. Nc5 Qb5 37. Nd7 Ne5 38. Nxe5 Qxe5 39. Rd7 f6 40. Qd3 f5 41. Qc4+ Ne6 42. Re2 1-0

[Event "Western Canadian op"]
[Site "Richmond CAN"]
[Date "2004.07.15"]
[Round "7.13"]
[White "Metz, Hartmut"]
[Black "Chan, James"]
[Result "1-0"]
[WhiteElo "2290"]
[BlackElo "1944"]
[PlyCount "77"]
[GameId "2160767911095640"]
[EventDate "2004.07.09"]
[EventType "swiss"]
[EventRounds "10"]
[EventCountry "CAN"]

1. e4 e6 2. d4 d5 3. Nc3 Nf6 4. e5 Nfd7 5. f4 c5 6. Nf3 Nc6 7. Be3 Qb6 8. Na4 Qa5+ 9. c3 c4 10. b4 Qc7 11. Nb2 a5 12. b5 Nd8 13. a4 f5 14. Ng5 g6 15. g4 h6 16. Nh3 Be7 17. Rg1 Nf8 18. Qf3 fxg4 19. Rxg4 Nf7 20. Rg2 Bd7 21. f5 exf5 22. Qxd5 Be6 23. Qf3 g5 24. Ng1 O-O-O 25. Rd2 h5 26. b6 Qd7 27. Bxc4 f4 28. Bxe6 Nxe6 29. Bf2 Nxe5 30. Qe4 Ng4 31. Re2 Rh6 32. Nc4 f3 33. Nxf3 Nf4 34. Qxe7 Nxe2 35. Qxd7+ Rxd7 36. Kxe2 Re7+ 37. Nfe5 Nxh2 38. Be3 Rhe6 39. Rh1 1-0

[Event "Western Canadian op"]
[Site "Richmond CAN"]
[Date "2004.07.15"]
[Round "7.14"]
[White "Lister, Curtis"]
[Black "McLaren, Brian"]
[Result "0-1"]
[WhiteElo "1964"]
[BlackElo "2270"]
[PlyCount "50"]
[GameId "2160767911095641"]
[EventDate "2004.07.09"]
[EventType "swiss"]
[EventRounds "10"]
[EventCountry "CAN"]

1. e4 Nf6 2. Nc3 c6 3. Nf3 d6 4. g3 Bg4 5. Bg2 Nbd7 6. h3 Bh5 7. g4 Bg6 8. d3 Qc7 9. Bf4 e5 10. Be3 d5 11. exd5 cxd5 12. O-O h6 13. Nxe5 Qxe5 14. Re1 O-O-O 15. Bxa7 Qd6 16. Nb5 Qa6 17. c4 Ne5 18. a4 d4 19. a5 Nxd3 20. Bb6 Rd7 21. Qf3 Nxe1 22. Rxe1 Bb4 23. Qf4 Bxe1 24. Na7+ Qxa7 25. Bxa7 Rc7 0-1

[Event "Western Canadian op"]
[Site "Richmond CAN"]
[Date "2004.07.15"]
[Round "7.15"]
[White "Kazmaier, Daniel"]
[Black "Tegzes, Laszlo"]
[Result "1/2-1/2"]
[WhiteElo "1974"]
[BlackElo "2118"]
[PlyCount "84"]
[GameId "2160767911095642"]
[EventDate "2004.07.09"]
[EventType "swiss"]
[EventRounds "10"]
[EventCountry "CAN"]

1. e4 c5 2. Nc3 Nc6 3. Nge2 e6 4. d4 cxd4 5. Nxd4 Nf6 6. Ndb5 d6 7. Bf4 e5 8. Bg5 a6 9. Na3 b5 10. Nd5 Be7 11. Bxf6 Bxf6 12. c3 O-O 13. g3 Ne7 14. Nxf6+ gxf6 15. Qf3 f5 16. exf5 Bxf5 17. Bg2 d5 18. O-O Qd7 19. Qe2 Qe6 20. Rfe1 Ng6 21. Rad1 Rad8 22. Nc2 Bxc2 23. Qxc2 e4 24. f3 f5 25. Kh1 Ne5 26. Rd4 Qh6 27. a4 Nd3 28. Re2 Qh5 29. g4 fxg4 30. fxg4 Qh4 31. Rxd3 exd3 32. Qxd3 Qg5 33. Rd2 Qe5 34. Re2 Qg5 35. Rd2 Qf6 36. axb5 axb5 37. Qxb5 Kg7 38. Qe2 Rde8 39. Qd1 Qe5 40. h3 Qg3 41. Re2 Rxe2 42. Qxe2 Rf2 1/2-1/2

[Event "Western Canadian op"]
[Site "Richmond CAN"]
[Date "2004.07.15"]
[Round "7.16"]
[White "Goutor, Valentina"]
[Black "Obers, Frits"]
[Result "1-0"]
[WhiteElo "1999"]
[BlackElo "2095"]
[PlyCount "55"]
[GameId "2160767911095643"]
[EventDate "2004.07.09"]
[EventType "swiss"]
[EventRounds "10"]
[EventCountry "CAN"]

1. e4 e6 2. d4 d5 3. e5 c5 4. c3 Nc6 5. Nf3 Qb6 6. a3 Nh6 7. b4 cxd4 8. cxd4 Nf5 9. Bb2 Bd7 10. Be2 Be7 11. O-O g5 12. g4 Nh4 13. Nxh4 gxh4 14. Qd3 O-O-O 15. Nd2 Kb8 16. Nb3 f6 17. b5 Na5 18. Nxa5 Qxa5 19. Bc3 Qa4 20. Bb4 Rde8 21. Bxe7 Rxe7 22. exf6 Rf7 23. Qe3 Rg8 24. Kh1 h6 25. Qe5+ Ka8 26. f4 Qc2 27. g5 h3 28. Rg1 1-0

[Event "Western Canadian op"]
[Site "Richmond CAN"]
[Date "2004.07.15"]
[Round "7.17"]
[White "Lane, Travis"]
[Black "Sladek, Vaclav"]
[Result "1-0"]
[WhiteElo "1895"]
[BlackElo "2009"]
[PlyCount "103"]
[GameId "2160767911095644"]
[EventDate "2004.07.09"]
[EventType "swiss"]
[EventRounds "10"]
[EventCountry "CAN"]

1. e4 c5 2. Nf3 e6 3. d4 cxd4 4. Nxd4 Qb6 5. Nb3 Qc7 6. c4 Nf6 7. Nc3 a6 8. Bd3 d6 9. Qe2 Be7 10. f4 Nbd7 11. O-O b6 12. Bd2 Bb7 13. Rac1 Nc5 14. Bc2 Nxb3 15. axb3 Rc8 16. Rf3 g6 17. Be3 Ng4 18. Bd2 Nf6 19. Rf2 h5 20. h3 h4 21. f5 gxf5 22. Bg5 Nxe4 23. Bxe4 Bxg5 24. Bxb7 Qxb7 25. Rxf5 Rg8 26. Rf3 Rc5 27. Ne4 Rc6 28. Rd3 Be7 29. Qf3 Qc7 30. Rf1 Rf8 31. Qh5 b5 32. Rdf3 Rc5 33. Nxc5 Qxc5+ 34. Qxc5 dxc5 35. Rd1 f5 36. Re3 Rf6 37. Kf2 Rg6 38. Ra1 Bf6 39. Rxe6+ Kf7 40. Rexa6 bxc4 41. Ra7+ Kg8 42. bxc4 Bxb2 43. R1a6 Rg3 44. Rb6 Bd4+ 45. Kf1 Bg7 46. Ra8+ Kh7 47. Rc8 f4 48. Rxc5 f3 49. gxf3 Rxf3+ 50. Kg2 Rg3+ 51. Kh2 Rc3 52. Rc7 1-0

[Event "Western Canadian op"]
[Site "Richmond CAN"]
[Date "2004.07.15"]
[Round "7.18"]
[White "Brodie, Hugh"]
[Black "Wang, Yamei"]
[Result "1-0"]
[WhiteElo "1894"]
[BlackElo "2000"]
[PlyCount "63"]
[GameId "2160767911095645"]
[EventDate "2004.07.09"]
[EventType "swiss"]
[EventRounds "10"]
[EventCountry "CAN"]

1. f4 d5 2. e3 Nf6 3. b3 g6 4. Bb2 Bg7 5. Nf3 O-O 6. Be2 Nbd7 7. O-O c6 8. Qe1 Nh5 9. Nc3 Qc7 10. Nd1 Bxb2 11. Nxb2 f6 12. c4 e5 13. fxe5 fxe5 14. Qh4 Nhf6 15. Ng5 Nc5 16. cxd5 cxd5 17. Rac1 Qe7 18. Qb4 b6 19. Na4 Nfd7 20. Rxf8+ Kxf8 21. Nxc5 bxc5 22. Qh4 Nf6 23. Rf1 Ke8 24. Bb5+ Bd7 25. Bxd7+ Kxd7 26. Qa4+ Kc7 27. Qa5+ Kb7 28. Qb5+ Kc7 29. Qa6 Nd7 30. Ne6+ Kb8 31. Qc6 Nf6 32. Rxf6 1-0

[Event "Western Canadian op"]
[Site "Richmond CAN"]
[Date "2004.07.15"]
[Round "7.19"]
[White "Daswani, Benedict"]
[Black "Allan, Denis"]
[Result "0-1"]
[WhiteElo "1854"]
[BlackElo "2381"]
[PlyCount "34"]
[GameId "2160767911095646"]
[EventDate "2004.07.09"]
[EventType "swiss"]
[EventRounds "10"]
[EventCountry "CAN"]

1. g3 d5 2. d3 Nf6 3. Bg2 c6 4. Nc3 e5 5. e4 Bb4 6. Bd2 O-O 7. exd5 cxd5 8. Nge2 h6 9. O-O Nc6 10. a3 Ba5 11. f4 e4 12. dxe4 dxe4 13. Bxe4 Bb6+ 14. Kg2 Nxe4 15. Nxe4 Bf5 16. N2c3 Qd7 17. Be1 Bh3+ 0-1

[Event "Western Canadian op"]
[Site "Richmond CAN"]
[Date "2004.07.15"]
[Round "7.20"]
[White "Long, Hugh"]
[Black "Aird, Ian"]
[Result "0-1"]
[WhiteElo "1752"]
[BlackElo "2051"]
[PlyCount "86"]
[GameId "2160767911095647"]
[EventDate "2004.07.09"]
[EventType "swiss"]
[EventRounds "10"]
[EventCountry "CAN"]

1. d4 d5 2. c4 e6 3. Nf3 Nf6 4. Nc3 c6 5. cxd5 exd5 6. Bg5 Be7 7. e3 Bf5 8. Bd3 Bxd3 9. Qxd3 O-O 10. O-O Nbd7 11. Rac1 Re8 12. Ne5 Nxe5 13. dxe5 Nd7 14. Bxe7 Qxe7 15. f4 f6 16. Nxd5 cxd5 17. Qxd5+ Qe6 18. Qxb7 Rab8 19. Qxa7 Rec8 20. Rc7 Rxc7 21. Qxc7 Rxb2 22. f5 Qxa2 23. Qc8+ Nf8 24. Qc6 fxe5 25. f6 gxf6 26. h4 Rb1 27. Qxf6 Rxf1+ 28. Qxf1 Ng6 29. h5 Nf8 30. Qf6 Qe6 31. Qg5+ Kf7 32. e4 Qf6 33. Qe3 Nd7 34. Qb3+ Qe6 35. Qf3+ Nf6 36. Kh2 Qc4 37. Qa3 Qxe4 38. Qa7+ Ke6 39. h6 Ng4+ 40. Kh3 Qe3+ 41. Qxe3 Nxe3 42. g4 Kf6 43. Kg3 Kg5 0-1

[Event "Western Canadian op"]
[Site "Richmond CAN"]
[Date "2004.07.15"]
[Round "7.23"]
[White "Whitman, Alan"]
[Black "Mandic, Slaven"]
[Result "0-1"]
[WhiteElo "1699"]
[BlackElo "1979"]
[PlyCount "42"]
[GameId "2160767911095648"]
[EventDate "2004.07.09"]
[EventType "swiss"]
[EventRounds "10"]
[EventCountry "CAN"]

1. e4 g6 2. d4 Bg7 3. c3 d6 4. Nf3 Nc6 5. Bb5 a6 6. Bxc6+ bxc6 7. O-O Nf6 8. Re1 O-O 9. Bg5 h6 10. Bd2 Rb8 11. Qc2 Bg4 12. Re3 Qc8 13. Ne1 e5 14. f3 Be6 15. dxe5 dxe5 16. Na3 Qb7 17. b3 Qb6 18. Kh1 Rfd8 19. Rd3 Qf2 20. Rxd8+ Rxd8 21. Nd3 Qe2 0-1

[Event "Western Canadian op"]
[Site "Richmond CAN"]
[Date "2004.07.15"]
[Round "7.26"]
[White "Kyriakides, Savvas"]
[Black "Cheng, Jack"]
[Result "1-0"]
[WhiteElo "1946"]
[BlackElo "1257"]
[PlyCount "97"]
[GameId "2160767911095649"]
[EventDate "2004.07.09"]
[EventType "swiss"]
[EventRounds "10"]
[EventCountry "CAN"]

1. e4 e5 2. Nf3 Nc6 3. Bb5 a6 4. Ba4 Nf6 5. O-O b5 6. Bb3 Be7 7. Re1 d6 8. h3 Na5 9. c3 Nxb3 10. Qxb3 Be6 11. Qc2 O-O 12. d4 exd4 13. Nxd4 Qd7 14. Nd2 c5 15. Nxe6 Qxe6 16. Nf3 Nd7 17. Be3 Ne5 18. Nd2 Nc4 19. Nf1 Nb6 20. b3 Bf6 21. Rad1 Rfd8 22. Ng3 g6 23. Ne2 Bg7 24. Rd2 Rab8 25. Red1 c4 26. Bf4 cxb3 27. axb3 Be5 28. Be3 Na8 29. Nd4 Bxd4 30. Rxd4 Nc7 31. Bf4 Ne8 32. c4 bxc4 33. bxc4 Rb6 34. Qd2 Rc6 35. e5 Rxc4 36. exd6 Rxd4 37. Qxd4 a5 38. Rd3 Qd7 39. Be5 a4 40. Ra3 Ra8 41. h4 Ra6 42. h5 g5 43. h6 Ra8 44. Rg3 a3 45. Rxg5+ Kf8 46. Bg7+ Kg8 47. Bf6+ Kf8 48. Be7+ Qxe7 49. Qh8# 1-0

[Event "Western Canadian op"]
[Site "Richmond CAN"]
[Date "2004.07.15"]
[Round "7.31"]
[White "Harper, Jamie"]
[Black "Sum, Peter"]
[Result "1-0"]
[WhiteElo "1598"]
[BlackElo "1791"]
[PlyCount "62"]
[GameId "2160767911095650"]
[EventDate "2004.07.09"]
[EventType "swiss"]
[EventRounds "10"]
[EventCountry "CAN"]

1. e4 e5 2. Nc3 Nf6 3. g3 Nc6 4. Bg2 Bc5 5. Nge2 O-O 6. O-O a6 7. d3 Nd4 8. Kh1 d6 9. f4 Ng4 10. h3 exf4 11. Bxf4 Ne5 12. Qd2 Be6 13. Nxd4 Bxd4 14. Be3 Bxe3 15. Qxe3 Qd7 16. Kh2 f6 17. Rae1 Nf7 18. d4 Ng5 19. g4 Bc4 20. Rf2 Rae8 21. b3 Bf7 22. Rfe2 Bg6 23. h4 Ne6 24. Bh3 d5 25. exd5 Qd6+ 26. Qg3 Qxg3+ 27. Kxg3 Nxd4 28. Rxe8 Bxe8 29. Ne4 Nxc2 30. Nc5 Bf7 31. Bg2 Ne3 1-0

[Event "Western Canadian op"]
[Site "Richmond CAN"]
[Date "2004.07.15"]
[Round "7.33"]
[White "Krzyzowski, Ernest"]
[Black "Raymer, Evan"]
[Result "1/2-1/2"]
[WhiteElo "1741"]
[BlackElo "1576"]
[PlyCount "91"]
[GameId "2160767911095651"]
[EventDate "2004.07.09"]
[EventType "swiss"]
[EventRounds "10"]
[EventCountry "CAN"]

1. c4 e6 2. Nc3 d5 3. e3 Nf6 4. Nf3 Be7 5. b3 O-O 6. Bb2 b6 7. cxd5 exd5 8. Be2 c5 9. d4 Be6 10. O-O Nbd7 11. Rc1 Rc8 12. Bd3 Re8 13. h3 h6 14. Qe2 Qc7 15. Rfd1 Qb8 16. Bb1 g6 17. Rd2 Qa8 18. Rcd1 Ne4 19. Nxe4 dxe4 20. Ne5 Nxe5 21. dxe5 Rcd8 22. Qf1 Bd5 23. Kh2 Bb7 24. Kg3 Rxd2 25. Rxd2 Rd8 26. Qd1 Rxd2 27. Qxd2 Qd8 28. Qxd8+ Bxd8 29. f4 exf3 30. gxf3 b5 31. f4 Ba5 32. e4 c4 33. bxc4 bxc4 34. Bd4 Bb6 35. Bc3 Kf8 36. h4 h5 37. f5 Ke7 38. Bb4+ Kd7 39. e6+ Ke8 40. exf7+ Kxf7 41. fxg6+ Kxg6 42. e5+ Kf7 43. Bc3 Be3 44. Bf5 Bd5 45. Bh3 Be6 46. Bg2 1/2-1/2

[Event "Western Canadian op"]
[Site "Richmond CAN"]
[Date "2004.07.15"]
[Round "7.34"]
[White "Escandor, Manuel Omana"]
[Black "Awasis, Virgil"]
[Result "1-0"]
[WhiteElo "1736"]
[BlackElo "1645"]
[PlyCount "81"]
[GameId "2160767911095652"]
[EventDate "2004.07.09"]
[EventType "swiss"]
[EventRounds "10"]
[EventCountry "CAN"]

1. e4 c5 2. Nc3 d6 3. Nf3 e5 4. Bc4 Nc6 5. a3 f5 6. exf5 Bxf5 7. d3 Nf6 8. Bg5 Be7 9. O-O Bg4 10. h3 Bh5 11. Bxf6 Bxf6 12. Bd5 Rb8 13. Qd2 Bxf3 14. Bxf3 O-O 15. Bd5+ Kh8 16. Ne4 Ne7 17. Nc3 Nf5 18. Ne4 Be7 19. Rae1 Nh4 20. f4 exf4 21. Rxf4 Qb6 22. Ref1 Rxf4 23. Qxf4 Ng6 24. Qc1 c4+ 25. Kh1 cxd3 26. cxd3 Qd4 27. Qc7 Rd8 28. Nxd6 Qxd5 29. Nf7+ Kg8 30. Nxd8 Bxd8 31. Qc3 h5 32. Re1 Kh7 33. Re4 Bf6 34. Qc2 Qf5 35. Qe2 Qb5 36. a4 Qd5 37. b4 b5 38. axb5 Qxb5 39. Rc4 Ne5 40. Qxh5+ Kg8 41. Rc8+ 1-0

[Event "Western Canadian op"]
[Site "Richmond CAN"]
[Date "2004.07.15"]
[Round "7.37"]
[White "Heppenstall, Lara"]
[Black "Cheng, Lesley"]
[Result "1-0"]
[WhiteElo "1591"]
[BlackElo "1426"]
[PlyCount "47"]
[GameId "2160767911095653"]
[EventDate "2004.07.09"]
[EventType "swiss"]
[EventRounds "10"]
[EventCountry "CAN"]

1. d4 d6 2. c4 g6 3. Nc3 Bg7 4. e4 Nc6 5. Be3 e5 6. d5 Nd4 7. Nge2 Nxe2 8. Bxe2 f5 9. f3 Nf6 10. c5 O-O 11. O-O Qe7 12. cxd6 Qxd6 13. Rc1 a6 14. Na4 b6 15. Rc6 Qd7 16. Qb3 Kh8 17. Rfc1 fxe4 18. fxe4 Ra7 19. d6 Nxe4 20. dxc7 Nc5 21. Qxb6 Rxc7 22. Rxc7 Nxa4 23. Qb4 Qd5 24. Rxc8 1-0

[Event "Western Canadian op"]
[Site "Richmond CAN"]
[Date "2004.07.15"]
[Round "7.39"]
[White "Dekker, Case"]
[Black "Sohal, Tanraj"]
[Result "1/2-1/2"]
[WhiteElo "1561"]
[BlackElo "1252"]
[PlyCount "155"]
[GameId "2160767911095654"]
[EventDate "2004.07.09"]
[EventType "swiss"]
[EventRounds "10"]
[EventCountry "CAN"]

1. f4 d5 2. Nf3 Bg4 3. e3 Nf6 4. Be2 e6 5. c3 Bd6 6. O-O Nc6 7. b4 O-O 8. d3 e5 9. fxe5 Nxe5 10. d4 Nxf3+ 11. Bxf3 Qd7 12. Nd2 Bxf3 13. Qxf3 c6 14. h3 c5 15. a3 c4 16. Bb2 b5 17. Rae1 a5 18. Re2 a4 19. Bc1 Rfe8 20. Qf5 Qxf5 21. Rxf5 Rad8 22. Nf3 Ne4 23. Re1 Nxc3 24. Ne5 Bxe5 25. dxe5 Ne4 26. Kh2 c3 27. Re2 Rc8 28. Rc2 f6 29. exf6 Nxf6 30. g4 Red8 31. Kg2 Rc6 32. Kf3 g6 33. Rf4 Rf8 34. g5 Nd7 35. Rxf8+ Kxf8 36. e4 d4 37. Rf2 Ne5+ 38. Ke2+ Kg7 39. Kd1 d3 40. Be3 Nc4 41. Bd4+ Kg8 42. Bxc3 Nxa3 43. Bb2 Nc4 44. Bd4 a3 45. Bc5 Rc8 46. Ra2 d2 47. e5 Rd8 48. Bd6 Nxd6 49. exd6 Rxd6 50. Rxa3 Rd4 51. Rb3 Kf7 52. h4 Rxh4 53. Kxd2 Rg4 54. Rf3+ Kg7 55. Kc3 Rxg5 56. Rf4 h5 57. Rf1 h4 58. Rh1 Rg3+ 59. Kd4 g5 60. Kc5 g4 61. Rxh4 Rc3+ 62. Kxb5 g3 63. Kb6 Kg6 64. Rg4+ Kf5 65. Rg8 Kf4 66. b5 Kf3 67. Rf8+ Kg2 68. Kb7 Kh3 69. Rh8+ Kg2 70. b6 Kg1 71. Kb8 g2 72. b7 Kf2 73. Rf8+ Rf3 74. Rg8 g1=Q 75. Rxg1 Kxg1 76. Ka8 Rb3 77. b8=Q Rxb8+ 78. Kxb8 1/2-1/2

[Event "Western Canadian op"]
[Site "Richmond CAN"]
[Date "2004.07.15"]
[Round "7.41"]
[White "Sutherland, Daniel"]
[Black "Beauchamp, Richard"]
[Result "0-1"]
[WhiteElo "1457"]
[BlackElo "997"]
[PlyCount "88"]
[GameId "2160767911095655"]
[EventDate "2004.07.09"]
[EventType "swiss"]
[EventRounds "10"]
[EventCountry "CAN"]

1. e4 e6 2. d4 d5 3. exd5 exd5 4. c4 Nf6 5. Nc3 c6 6. Be2 Bb4 7. Bg5 Nbd7 8. Nf3 Bxc3+ 9. bxc3 Qa5 10. Qb3 Ne4 11. Rc1 Nxg5 12. Nxg5 dxc4 13. Bxc4 Qxg5 14. Bxf7+ Kd8 15. O-O Nf6 16. Qb4 Bh3 17. g3 Bxf1 18. Qd6+ Nd7 19. Rxf1 Qf6 20. Qxf6+ gxf6 21. c4 Kc7 22. f4 h5 23. h3 Raf8 24. Be6 f5 25. Rd1 Rh6 26. d5 cxd5 27. cxd5 Kd6 28. Bxd7 Kxd7 29. Kf2 Re8 30. h4 Rb6 31. Rd2 Kd6 32. a4 Re4 33. a5 Rb5 34. a6 b6 35. Rc2 Rxd5 36. Rc8 Ra5 37. Rh8 Rxa6 38. Rxh5 Ra5 39. Kf3 Re7 40. Rg5 Rc5 41. g4 fxg4+ 42. Rxg4 Rh7 43. Rg6+ Ke7 44. Ke4 Rxh4 0-1

[Event "Western Canadian op"]
[Site "Richmond CAN"]
[Date "2004.07.15"]
[Round "7.44"]
[White "Raymer, Elliot"]
[Black "Sabaratnam, Thiruvaran"]
[Result "1-0"]
[WhiteElo "1561"]
[BlackElo "1001"]
[PlyCount "101"]
[GameId "2160767911095656"]
[EventDate "2004.07.09"]
[EventType "swiss"]
[EventRounds "10"]
[EventCountry "CAN"]

1. e4 e5 2. Nf3 Nc6 3. Bc4 Bc5 4. d3 h6 5. Nc3 Nf6 6. a3 a6 7. Be3 d6 8. h3 O-O 9. Bxc5 dxc5 10. O-O Bd7 11. Bd5 Re8 12. Re1 Rc8 13. Rb1 b5 14. Qd2 Nd4 15. Qd1 c6 16. Ba2 Be6 17. Bxe6 Rxe6 18. Na2 Re8 19. c3 Nxf3+ 20. Qxf3 c4 21. dxc4 bxc4 22. Qe2 Qd3 23. Qxd3 cxd3 24. Rbd1 Rcd8 25. Nb4 Rb8 26. Rxd3 a5 27. Nxc6 Rxb2 28. Nxa5 Rb5 29. Nc4 Rc5 30. Nb6 Rb5 31. Nd5 Nxd5 32. exd5 f6 33. d6 Rd8 34. c4 Rb7 35. c5 Rbd7 36. Red1 Kf7 37. c6 Ra7 38. c7 Rda8 39. d7 Rxc7 40. d8=Q Rxd8 41. Rxd8 g6 42. R1d7+ Rxd7 43. Rxd7+ Ke6 44. Rd2 f5 45. a4 g5 46. a5 h5 47. a6 e4 48. a7 f4 49. a8=Q Ke5 50. Qd5+ Kf6 51. Qxe4 1-0

[Event "Western Canadian op"]
[Site "Richmond CAN"]
[Date "2004.07.16"]
[Round "8"]
[White "Cheng, Andrea"]
[Black "Jose, Marionito"]
[Result "1/2-1/2"]
[WhiteElo "1240"]
[BlackElo "1647"]
[PlyCount "74"]
[GameId "2160767911095657"]
[EventDate "2004.07.09"]
[EventType "swiss"]
[EventRounds "10"]
[EventCountry "CAN"]
[SourceTitle "CBM 101 ext"]
[Source "ChessBase"]
[SourceDate "2004.09.01"]
[SourceVersion "2"]
[SourceVersionDate "2004.09.23"]
[SourceQuality "1"]

1. d4 Nf6 2. c4 c5 3. d5 e6 4. Nc3 exd5 5. cxd5 Bd6 6. Nf3 O-O 7. e4 Nxe4 8. Bd3 f5 9. O-O Re8 10. Qc2 Na6 11. a3 Nxc3 12. bxc3 g6 13. c4 Bf8 14. Bg5 Be7 15. Rae1 d6 16. Bh6 Bf6 17. h3 Bd7 18. Rxe8+ Qxe8 19. Re1 Qf7 20. Ng5 Bxg5 21. Bxg5 Re8 22. Rxe8+ Qxe8 23. Qe2 Qxe2 24. Bxe2 Kf7 25. f4 Nc7 26. g4 fxg4 27. Bxg4 Ba4 28. f5 Bb3 29. fxg6+ Kxg6 30. Bf4 Bxc4 31. Bxd6 Nxd5 32. Bxc5 a5 33. Be6 Kf6 34. Bxd5 Bxd5 35. Kf2 Ke5 36. Ke3 Bg2 37. h4 Kd5 1/2-1/2

[Event "Western Canadian op"]
[Site "Richmond CAN"]
[Date "2004.07.16"]
[Round "8"]
[White "Davies, Lucas"]
[Black "Welling, Gerard"]
[Result "1/2-1/2"]
[WhiteElo "2112"]
[BlackElo "2361"]
[PlyCount "96"]
[GameId "2160767911095659"]
[EventDate "2004.07.09"]
[EventType "swiss"]
[EventRounds "10"]
[EventCountry "CAN"]
[SourceTitle "CBM 101 Extra"]
[Source "ChessBase"]
[SourceDate "2004.09.01"]
[SourceVersion "2"]
[SourceVersionDate "2004.09.01"]
[SourceQuality "1"]

1. e4 b6 2. d4 Bb7 3. Bd3 g6 4. Nf3 Bg7 5. O-O e6 6. Nbd2 d6 7. Re1 Nd7 8. c3 Ne7 9. Nf1 O-O 10. Ng3 c5 11. Be3 h6 12. Qd2 Kh7 13. Rad1 Qc7 14. h4 Rad8 15. Nh2 e5 16. Bb1 exd4 17. cxd4 Nc6 18. d5 Nce5 19. Qe2 Nb8 20. Qc2 Qe7 21. h5 Qh4 22. hxg6+ fxg6 23. Ne2 Ba6 24. g3 Qh5 25. Nf4 Rxf4 26. Bxf4 Nbd7 27. Kg2 g5 28. Bc1 g4 29. Re3 Rf8 30. Rh1 Kg8 31. Qd1 Qf7 32. Qe1 h5 33. Bc2 Bh6 34. Bd1 Bd3 35. f4 gxf3+ 36. Nxf3 Bxe3 37. Qxe3 Nxf3 38. Qxf3 Qxf3+ 39. Bxf3 Ne5 40. Bf4 Re8 41. Rxh5 Nxf3 42. Kxf3 Rxe4 43. Rh2 Rd4 44. Bxd6 Rxd5 45. Bf4 b5 46. g4 a5 47. Rh5 Rxh5 48. gxh5 Bc4 1/2-1/2

[Event "Western Canadian op"]
[Site "Richmond CAN"]
[Date "2004.07.16"]
[Round "8"]
[White "Yoos, John"]
[Black "Kraidman, Yair"]
[Result "1-0"]
[WhiteElo "2405"]
[BlackElo "2320"]
[PlyCount "55"]
[GameId "2160767911095660"]
[EventDate "2004.07.09"]
[EventType "swiss"]
[EventRounds "10"]
[EventCountry "CAN"]
[SourceTitle "CBM 101 Extra"]
[Source "ChessBase"]
[SourceDate "2004.09.01"]
[SourceVersion "2"]
[SourceVersionDate "2004.09.01"]
[SourceQuality "1"]

1. e4 c5 2. Nf3 g6 3. d4 cxd4 4. Nxd4 Bg7 5. Nc3 Nc6 6. Be3 Nf6 7. Bc4 Ng4 8. Qxg4 Nxd4 9. Qd1 Ne6 10. Qd2 d6 11. Bh6 Bxh6 12. Qxh6 Qa5 13. Bb5+ Bd7 14. Bxd7+ Kxd7 15. O-O Rac8 16. Qh3 h5 17. Rfd1 Rc4 18. Qf3 f6 19. Rd5 Qc7 20. Rad1 Rc8 21. Qg3 g5 22. Nb5 Nf4 23. Qa3 Qb8 24. Nxd6 exd6 25. Rxd6+ Ke8 26. g3 Rxe4 27. gxf4 Rc6 28. Rd8+ 1-0

[Event "Western Canadian op"]
[Site "Richmond CAN"]
[Date "2004.07.16"]
[Round "8.1"]
[White "Harper, Bruce"]
[Black "Bellon Lopez, Juan Manuel"]
[Result "1/2-1/2"]
[WhiteElo "2326"]
[BlackElo "2447"]
[PlyCount "91"]
[GameId "2160767911095661"]
[EventDate "2004.07.09"]
[EventType "swiss"]
[EventRounds "10"]
[EventCountry "CAN"]

1. g3 g6 2. Bg2 Bg7 3. c4 e5 4. Nc3 Ne7 5. e3 c5 6. a3 Nbc6 7. Rb1 O-O 8. Nge2 d6 9. O-O Bf5 10. d3 Qd7 11. b4 Rad8 12. b5 Na5 13. Nd5 Nxd5 14. Bxd5 b6 15. Bb2 Be6 16. Nc3 Kh8 17. Qc2 Rc8 18. Bg2 f5 19. Nd5 Nb7 20. f4 Nd8 21. a4 exf4 22. gxf4 Bxd5 23. Bxd5 Bxb2 24. Qxb2+ Qg7 25. Qxg7+ Kxg7 26. a5 Re8 27. Rf3 Rb8 28. axb6 axb6 29. Ra1 Kf6 30. Ra7 Re7 31. Rxe7 Kxe7 32. Rh3 h5 33. Rg3 Kf6 34. Rg2 Nb7 35. Kf2 Na5 36. Kf3 h4 37. Ra2 Re8 38. Rb2 Re7 39. e4 Rg7 40. exf5 gxf5 41. Re2 Re7 42. Rxe7 Kxe7 43. Kg2 Nb3 44. Kh3 Nc1 45. Kxh4 Kf6 46. Kg3 1/2-1/2

[Event "Western Canadian op"]
[Site "Richmond CAN"]
[Date "2004.07.16"]
[Round "8.2"]
[White "Cramling, Pia"]
[Black "Henson, Joshua"]
[Result "1-0"]
[WhiteElo "2485"]
[BlackElo "2207"]
[PlyCount "103"]
[GameId "2160767911095662"]
[EventDate "2004.07.09"]
[EventType "swiss"]
[EventRounds "10"]
[EventCountry "CAN"]

1. d4 Nf6 2. Nf3 g6 3. g3 c5 4. Bg2 cxd4 5. Nxd4 Bg7 6. e4 O-O 7. Nc3 Nc6 8. Nde2 d6 9. h3 Rb8 10. a4 a6 11. O-O b6 12. Be3 Bb7 13. Qd2 Re8 14. Rac1 Ba8 15. Nd4 Qc7 16. Rfe1 Rbc8 17. Nd5 Nxd5 18. exd5 Nxd4 19. Bxd4 Bxd4 20. Qxd4 Qc4 21. Qxb6 Rb8 22. Qa5 Rxb2 23. Rxe7 Rxe7 24. Qd8+ Kg7 25. Qxe7 Qc5 26. Qe4 Rb4 27. c4 Rxa4 28. h4 h5 29. Qc2 Rb4 30. Qc3+ Kg8 31. Re1 Rb8 32. Re7 Rf8 33. Qf6 Qxc4 34. Qxd6 a5 35. Qe5 a4 36. d6 Bxg2 37. Kxg2 Qc6+ 38. Kg1 Qc1+ 39. Kh2 Qf1 40. Qf6 a3 41. d7 Qd3 42. Rxf7 Rxf7 43. d8=Q+ Qxd8 44. Qxd8+ Kh7 45. Kg2 a2 46. Qa5 a1=B 47. Qxa1 Kg8 48. Qe5 Kh7 49. Kf1 Kg8 50. Ke2 Kh7 51. Ke3 Kg8 52. f3 1-0

[Event "Western Canadian op"]
[Site "Richmond CAN"]
[Date "2004.07.16"]
[Round "8.4"]
[White "Koons, Nathaniel"]
[Black "Lee, Vicente jr."]
[Result "0-1"]
[WhiteElo "2244"]
[BlackElo "2326"]
[PlyCount "67"]
[GameId "2160767911095663"]
[EventDate "2004.07.09"]
[EventType "swiss"]
[EventRounds "10"]
[EventCountry "CAN"]

1. e4 c5 2. Nf3 d6 3. d4 cxd4 4. Nxd4 Nf6 5. Nc3 a6 6. Be2 e5 7. Nb3 Be6 8. Bg5 Nbd7 9. Nd5 h6 10. Bxf6 Nxf6 11. Nxf6+ Qxf6 12. Na5 Qd8 13. Nc4 Rc8 14. Ne3 Be7 15. Bg4 O-O 16. O-O Bg5 17. Nd5 Bxg4 18. Qxg4 Rxc2 19. h4 Bxh4 20. g3 Bg5 21. f4 Bf6 22. Rac1 Rc6 23. b4 Re8 24. Rcd1 Rc4 25. f5 Bg5 26. f6 g6 27. Rf2 Rd4 28. Kg2 Rxd5 29. Rxd5 Re6 30. Rc2 Qxf6 31. Rd3 Qe7 32. a3 Qd7 33. Rd5 Kg7 34. Qe2 0-1